| 000 | 00737nam a2200193 i 4500 | ||
|---|---|---|---|
| 001 | 69475 | ||
| 003 | ES-MaACL | ||
| 005 | 20230906170528.0 | ||
| 007 | t| | ||
| 008 | 040706s1984 sp ||||1| spa d | ||
| 020 | _a84-505-0294-2 | ||
| 100 | 1 |
_aGarcía Copado, Antonio. _954380 |
|
| 245 | 1 | 3 |
_aEl enemigo, "Pirulí", mi perro puertoriqueño y otros cuentos _b: (con un extenso vocabulario para estudiantes) / _cAntonio García Copado ; ilustraciones: Antonio Rodríguez Calero. |
| 260 |
_aNueva York ; _aMadrid : _bPuerto Rico de Autores Nuevos, _c[1984] |
||
| 300 |
_a183 p. : _bil. ; _c22 cm. |
||
| 700 | 1 |
_aRodríguez Calero, Antonio. _998398 |
|
| 710 | 1 |
_aCórdoba. _bAyuntamiento. _93298 |
|
| 852 |
_aES-MaACL _jL-11541 _bR.108636 |
||
| 999 |
_c69475 _d69475 |
||